000 01035nam0a22002771 4500
001 rc\2771461
005 20250806203120.0
035 _a(NLR Aleph) 006897830
090 _a28443
_c28443
100 _a20110915d1941 u y0rusy50 ca
101 0 _arus
102 _aRU
105 _aa z |||||
200 1 _aМатериалы к расчетам крепости деревянных судов
_fП. О. Зандин, Г. В. Ефремов
210 _aМосква
_cИзд-во Наркомречфлота СССР
_d1941
215 _a270, [1] с.
_cтабл., черт.
_d24 см.
320 _aБиблиогр.: "Список использованной литературы". (Стр. 269)
700 1 _aЗандин
_bП.О.
_f1888-1938
_gПетр Осипович
701 1 _aЕфремов
_bГ.В.
801 0 _aRU
_bNLR
_gpsbo
801 1 _aRU
_bELAR
_2rusmarc
852 _aNLR
_jТ90 Г-7/7
942 _cBOOK
945 _aРоссийская национальная библиотека
980 _aNB
980 _aBV